Pocket artist

Bibliographic Details
Main Author: Tatchell,Judy
Corporate Author: Title
Format: Book
Published: London : Usborne , 2001
Series:The Usborne
Subjects:

MARC

LEADER 00000cam a2200000 7i4500
001 0000004316
005 20151222.0
008 070725
020 |a 0746046812 
090 0 0 |a DIC   |b ENG (4228) 
100 1 |a Tatchell,Judy 
245 1 0 |a Pocket artist   |c Judy Tatchell 
260 |a London :   |b Usborne ,   |c 2001 
440 |a The Usborne 
500 |a Children ages 7-9 years old (orange) 
650 0 |a Junior fiction   |x English   |x Languages 
710 0 |a Title 
999 |a 0000973370   |b Book   |c REFERENCE   |e Perbadanan Perpustakaan Awam Johor